| 000 | 00401nam a2200157Ia 4500 | ||
|---|---|---|---|
| 003 | GCL | ||
| 008 | 140319s9999 xx 000 0 eng d | ||
| 040 |
_aGCL / _cGCL |
||
| 082 | 0 | 4 |
_a540 _bL C |
| 100 | 1 | _aLIDE, DAVID R. | |
| 245 | 1 | 0 |
_aCRC HANDBOOK OF CHEMISTRY AND PHYSICS / _cLIDE, DAVID R. |
| 260 |
_a[S.N] : _bCRC PRESS ، _c1991 |
||
| 650 | 0 | 4 | _aPHYSICS |
| 650 | 0 | 4 | _aCHEMISTRY |
| 942 |
_2ddc _cBK |
||
| 999 |
_c16926 _d16926 |
||